Quiz sulla Liguria - Statistics

Statistiche generali
  • Questo quiz è stato fatto 3.615 volte
  • Il punteggio medio è 15 su 20
Statistiche sulle risposte
Definizioni Risposte % Corretto
Capoluogo di Regione Genova
100%
Stato estero con cui confina la Liguria Francia
98%
Regioni confinanti Piemonte
98%
Regioni confinanti Toscana
97%
Cittadina dove si svolge un famoso Festival Sanremo
96%
Esploratore che scoprì l'America Cristoforo Colombo
95%
Altre Province La Spezia
94%
Salsa verde a base di basilico Pesto
94%
Regioni confinanti Emilia-Romagna
92%
Altre Province Savona
88%
Altre Province Imperia
87%
Squadra di calcio dalla maglia blucerchiata Sampdoria
81%
Gruppo di località della Riviera di Levante meta di numerosi turisti Cinque Terre
73%
Ultima cittadina prima del confine estero Ventimiglia
68%
Cantautore di "Crêuza de mä" Fabrizio De André
65%
Famoso architetto che ha rivalutato il Porto Vecchio del capoluogo Renzo Piano
54%
Pittoresco borgo di pescatori con la Piazzetta Portofino
39%
Prima sezione delle Alpi presenti nella Liguria Occidentale Alpi Marittime
37%
Cittadina conosciuta per il suo Muretto Alassio
36%
Vicolo tipico dei centri storici liguri Carrugio
28%
Nessun quiz corrispondente trovato
Distribuzione punteggi
Percentuale di utenti per punteggio
Percentile per numero di risposta
I tuoi punteggi nel tempo
Non hai fatto questo quiz